| 000 | 00343nam a2200145 a 4500 | ||
|---|---|---|---|
| 001 | 501 | ||
| 003 | CDMR | ||
| 005 | 20130116135155.0 | ||
| 008 | 130130s1997||||||||||||||||||||||||||||d | ||
| 040 |
_aCDMR _bcat _cCPC GIRONA |
||
| 100 | 1 |
_aJardÃ, Enric _9359 |
|
| 245 | 1 | 0 |
_aCompanys i el 6 d'octubre _cJardÃ, Enric |
| 260 |
_c1997 _bProa |
||
| 942 | _cMON | ||
| 999 |
_c501 _d501 |
||